| 000 | 01586nam a22003497a 4500 | ||
|---|---|---|---|
| 001 | |||
| 003 | DO-SdBNP | ||
| 005 | 20210428105210.0 | ||
| 007 | |||
| 008 | 160902b 2008 dr a | 00| 0 spa d | ||
| 020 | _a9789945130966 | ||
| 040 |
_aBPMSU _bspa _cBPMSU |
||
| 082 | 4 |
_a332.46 _bS714d _222 |
|
| 100 | 1 |
_aSención, César Augusto _d |
|
| 245 | 1 | 0 |
_a Declíve de la hegemonía de los Estados Unidos / _c César Augusto Sención _b |
| 260 |
_aSanto Domingo : _bMediabyte, _c2008 |
||
| 300 |
_a117 p. : _bils., gráfs. _c23 cm. |
||
| 500 | _aIncluye referencias bibliográficas y notas al pie de las páginas | ||
| 506 | _eCubanos en Estados Unidos$v Videodiscos digitales. Administración de justicia$z Estados Unidos$v Videodiscos digitales. aEstados Unidos$x Imperialismo. aEstados Unidos$x Relaciones exteriores. Kotz, David. $tInflación, depresión y la clase obrera en Estados Unidos. Colombia$x Relaciones exteriores$z Estados Unidos $y 1930-1940. Estados Unidos$x Relaciones exteriores$z Colombia $y 1930-1940. | ||
| 590 | _6Inventariado, 2021/VM | ||
| 650 | 4 |
_aMacroeconomía _zEstados Unidos |
|
| 650 | 4 |
_aPolítica monetaria _zEstados Unidos |
|
| 650 | 4 |
_aCapitalismo _zEstados Unidos _2 _3 _4 _6 _8 _b _c _d _e _v |
|
| 651 | 4 |
_aEstados Unidos _xPolítica económica _ySiglo XXI |
|
| 651 | 4 |
_aEstados Unidos _xCondiciones económicas _ySiglo XXI |
|
| 700 | 1 | 0 |
_aTrincado, Estrella _etr. |
| 830 | 0 | _aPensamiento | |
| 910 | _aVMateo | ||
| 942 |
_2ddc _cBK |
||
| 945 | _aInventariado, 2017/MFF | ||
| 956 |
_2LOPEREZ _310 _620160902 _8BPMSU _a00041 |
||
| 999 |
_c13439 _d13439 |
||